000
00306pam a2200145 a 4500
020
_c
041
_a
eng
082
_b
AGR
100
_a
Agrawal DK.
245
_a
Start your own Export Business
250
_a
1995.
260
_a
New dehli :
_b
Hind Pocket books .
300
_a
128 pg .
930
_a
4108
999
_c
81026
_d
81026